000 02619nam a2200349 a 4500
001 ebr10639524
003 CaPaEBR
006 m u
007 cr cn|||||||||
008 120621s2012 ncu sb s001 0beng d
010 _z 2012024895
020 _z9780807835876 (hardback)
020 _z9780807837351 (e-book)
040 _aCaPaEBR
_cCaPaEBR
035 _a(OCoLC)825768308
043 _an-us---
050 1 4 _aNC1429.N3
_bH35 2012eb
082 0 4 _a741.5/6973
_aB
_223
100 1 _aHalloran, Fiona Deans.
245 1 0 _aThomas Nast
_h[electronic resource] :
_bthe father of modern political cartoons /
_cFiona Deans Halloran.
250 _a1 [ed.].
260 _aChapel Hill, N.C. :
_bUniversity of North Carolina Press,
_c2012.
300 _axi, 366 p.
504 _aIncludes bibliographical references and index.
520 _a"Thomas Nast (1840-1902), the founding father of American political cartooning, is perhaps best known for his cartoons portraying political parties as the Democratic donkey and the Republican elephant. Nast's legacy also includes a trove of other political cartoons, his successful attack on the machine politics of Tammany Hall in 1871, and his wildly popular illustrations of Santa Claus for Harper's Weekly magazine. Throughout his career, his drawings provided a pointed critique that forced readers to confront the contradictions around them. In this thoroughgoing and lively biography, Fiona Deans Halloran focuses not just on Nast's political cartoons for Harper's but also on his place within the complexities of Gilded Age politics and highlights the many contradictions in his own life: he was an immigrant who attacked immigrant communities, a supporter of civil rights who portrayed black men as foolish children in need of guidance, and an enemy of corruption and hypocrisy who idolized Ulysses S. Grant. He was a man with powerful friends, including Mark Twain, and powerful enemies, including William M. "Boss" Tweed. Halloran interprets Nast's work, explores his motivations and ideals, and illuminates Nast's lasting legacy on American political culture. "--
_cProvided by publisher.
533 _aElectronic reproduction.
_bPalo Alto, Calif. :
_cebrary,
_d2013.
_nAvailable via World Wide Web.
_nAccess may be limited to ebrary affiliated libraries.
600 1 0 _aNast, Thomas,
_d1840-1902.
650 0 _aCartoonists
_zUnited States
_vBiography.
655 7 _aElectronic books.
_2local
710 2 _aebrary, Inc.
856 4 0 _uhttp://site.ebrary.com/lib/rucke/Doc?id=10639524
_zAn electronic book accessible through the World Wide Web; click to view
999 _c48757
_d48757